<?xml version="1.0" encoding="UTF-8"?>
<collection xmlns="http://www.loc.gov/MARC21/slim">
 <record>
  <leader>01548nam a22002177a 4500</leader>
  <controlfield tag="001">NCT_92059</controlfield>
  <controlfield tag="008">211019b        xxu||||| |||| 00| 0 vie d</controlfield>
  <datafield tag="999" ind1=" " ind2=" ">
   <subfield code="c">4549</subfield>
   <subfield code="d">4549</subfield>
  </datafield>
  <datafield tag="020" ind1=" " ind2=" ">
   <subfield code="a">9786047247394</subfield>
   <subfield code="c">100000</subfield>
  </datafield>
  <datafield tag="082" ind1="0" ind2="4">
   <subfield code="2">23rd ed.</subfield>
   <subfield code="a">346.597036</subfield>
   <subfield code="b">H462</subfield>
  </datafield>
  <datafield tag="100" ind1="1" ind2=" ">
   <subfield code="a">Nguyễn Văn Hợi</subfield>
  </datafield>
  <datafield tag="245" ind1="1" ind2="0">
   <subfield code="a">Trách nhiệm bồi thường thiệt hại do tài sản gây ra :</subfield>
   <subfield code="b">Sách chuyên khảo</subfield>
   <subfield code="c">Nguyễn Văn Hợi</subfield>
  </datafield>
  <datafield tag="260" ind1=" " ind2=" ">
   <subfield code="a">H.</subfield>
   <subfield code="b">Công an nhân dân</subfield>
   <subfield code="c">2020</subfield>
  </datafield>
  <datafield tag="300" ind1=" " ind2=" ">
   <subfield code="a">303 tr.</subfield>
   <subfield code="c">21cm</subfield>
  </datafield>
  <datafield tag="520" ind1="3" ind2=" ">
   <subfield code="a">Nội dung sách trình bày cơ sở lý luận của trách nhiệm bồi thường thiệt hại do tài sản gây ra. Các trường hợp bồi thường thiệt hại do tài sản gây ra và một số kiến nghị hoàn thiện pháp luật và nâng cao hiệu quả áp dụng pháp luật về trách nhiệm bồi thường thiệt hại do tài sản gây ra.</subfield>
  </datafield>
  <datafield tag="653" ind1=" " ind2=" ">
   <subfield code="a">Luật học</subfield>
  </datafield>
  <datafield tag="942" ind1=" " ind2=" ">
   <subfield code="2">ddc</subfield>
   <subfield code="c">BK</subfield>
  </datafield>
  <datafield tag="952" ind1=" " ind2=" ">
   <subfield code="0">0</subfield>
   <subfield code="1">0</subfield>
   <subfield code="2">ddc</subfield>
   <subfield code="4">0</subfield>
   <subfield code="6">346_597036000000000_H462</subfield>
   <subfield code="7">0</subfield>
   <subfield code="9">21616</subfield>
   <subfield code="a">000001</subfield>
   <subfield code="b">000001</subfield>
   <subfield code="d">2021-10-19</subfield>
   <subfield code="o">346.597036 H462</subfield>
   <subfield code="p">MD.18874</subfield>
   <subfield code="r">2021-10-19</subfield>
   <subfield code="v">100000.00</subfield>
   <subfield code="w">2021-10-19</subfield>
   <subfield code="y">BK</subfield>
  </datafield>
  <datafield tag="952" ind1=" " ind2=" ">
   <subfield code="0">0</subfield>
   <subfield code="1">0</subfield>
   <subfield code="2">ddc</subfield>
   <subfield code="4">0</subfield>
   <subfield code="6">346_597036000000000_H462</subfield>
   <subfield code="7">0</subfield>
   <subfield code="9">21617</subfield>
   <subfield code="a">000001</subfield>
   <subfield code="b">000001</subfield>
   <subfield code="d">2021-10-19</subfield>
   <subfield code="o">346.597036 H462</subfield>
   <subfield code="p">MD.18875</subfield>
   <subfield code="r">2021-10-19</subfield>
   <subfield code="v">100000.00</subfield>
   <subfield code="w">2021-10-19</subfield>
   <subfield code="y">BK</subfield>
  </datafield>
  <datafield tag="952" ind1=" " ind2=" ">
   <subfield code="0">0</subfield>
   <subfield code="1">0</subfield>
   <subfield code="2">ddc</subfield>
   <subfield code="4">0</subfield>
   <subfield code="6">346_597036000000000_H462</subfield>
   <subfield code="7">0</subfield>
   <subfield code="9">21618</subfield>
   <subfield code="a">000001</subfield>
   <subfield code="b">000001</subfield>
   <subfield code="d">2021-10-19</subfield>
   <subfield code="o">346.597036 H462</subfield>
   <subfield code="p">MD.18876</subfield>
   <subfield code="r">2021-10-19</subfield>
   <subfield code="v">100000.00</subfield>
   <subfield code="w">2021-10-19</subfield>
   <subfield code="y">BK</subfield>
  </datafield>
  <datafield tag="980" ind1=" " ind2=" ">
   <subfield code="a">Thư viện Trường Đại học Nam Cần Thơ</subfield>
  </datafield>
 </record>
</collection>
